| Поле | Название | Значение |
| |
Тип записи |
a |
| |
Библиографический уровень |
m |
| 001 |
Контрольный номер |
9e314807264641c0a8bfed636a2212d7 |
| 005 |
Дата корректировки |
20140619134145.7 |
| 010 |
Индекс ISBN |
__ |
| a |
ISBN |
5-7133-1018-3 |
| 200 |
Заглавие и сведения об ответственности |
1_ |
| a |
Заглавие |
Биржевой словарь |
| e |
Сведения, относящиеся к заглавию |
Около 8000 терминов с эквивалентами на иностранных языках: В 2т.Т.2: Н-Я |
| f |
Первые сведения об ответственности |
Рос.акад. естеств.наук. Отд-ние экономики и социол. |
| 210 |
Выходные данные |
1_ |
| a |
Место издания |
М. |
| c |
Издательство |
Междунар.отношения |
| d |
Дата издания |
2000 |
| 215 |
Физическое описание |
__ |
| a |
Объем |
301 с. |
| 300 |
Общие примечания |
__ |
| a |
Общие примечания |
3экз. |
| 610 |
Ключевые слова |
0_ |
| a |
Ключевые слова |
биржевая деятельность |
| 610 |
Ключевые слова |
0_ |
| a |
Ключевые слова |
оптовая торговля |
| 686 |
Индексы других классификаций |
__ |
| a |
Классификационный индекс |
65.9(2)421 |
| 2 |
Код системы |
rubbk |
| 686 |
Индексы других классификаций |
__ |
| a |
Классификационный индекс |
65.9(2)421.3я73 |
| 2 |
Код системы |
rubbk |
| 700 |
Автор |
_1 |
| a |
Фамилия |
Корельский Владимир Федорович |
| 701 |
Альтернативная интеллектуальная ответственность |
_1 |
| a |
Фамилия |
Гаврилов Рудольф Васильевич |
| 801 |
Источник записи |
_0 |
| a |
Страна |
RU |
| b |
Организация |
РУК |
| c |
Дата составления |
20001120 |
| g |
Правила каталогизации |
PSBO |
| 801 |
Источник записи |
_1 |
| a |
Страна |
RU |
| b |
Организация |
РУК |
| c |
Дата составления |
20001120 |
| g |
Правила каталогизации |
PSBO |
| 852 |
Данные о местонахождении |
__ |
| i |
Авторский знак |
К66 |
| j |
Шифр хранения |
ББК 65.9(2)421 |
| 901 |
Тип документа |
__ |
| t |
Тип документа |
m |
| 938 |
Служебная информация |
__ |
| a |
Название организации |
Головной вуз |
| b |
Имя БД |
BOOK |
| c |
Название АИБС |
АИБС ИРБИС |